| 000 | 00705nam a22002057a 4500 | ||
|---|---|---|---|
| 999 |
_c19848 _d19848 |
||
| 003 | AR-CdUCM | ||
| 008 | 190522b ||||| |||| 00| 0 spa d | ||
| 040 |
_aMUNICIPALIDAD PROVINCIAL DEL CUSCO _cBIBLIOTECA MUNICIPAL DEL CUSCO |
||
| 082 |
_a344.5 / _bF38 |
||
| 100 |
_aFernandez Montes, Marcial _941491 |
||
| 245 | _aEstructuras de responsabilidades punibles / | ||
| 260 |
_aMadrid : _bAguilar, _c1957. |
||
| 300 |
_a228 páginas ; _c26 cm. |
||
| 505 | _aContenido : Retrospección histórica -- El derecho -- La realidad vital... | ||
| 650 |
_aNoción cuantitativa _941492 |
||
| 650 |
_aPanorama intelectual _941493 |
||
| 650 |
_aEstructuras abstractas _941494 |
||
| 942 |
_2ddc _cLIBROS |
||
| 945 | _arcc | ||